Spracovanie a vizualizácia optimalizačných algoritmov inšpirovaných prírodou
Gespeichert in:
| 1. Verfasser: | |
|---|---|
| Weitere Verfasser: | |
| Format: | Manuskript Buch |
| Sprache: | Slowakisch |
| Veröffentlicht: |
2023
|
| Schlagworte: | |
| Online-Zugang: | http://is.stuba.sk/zp/portal_zp.pl?podrobnosti=154926 |
| Tags: |
Keine Tags, Fügen Sie das erste Tag hinzu!
|
MARC
| LEADER | 00000ntm a22000003a 4500 | ||
|---|---|---|---|
| 001 | stuzp92417 | ||
| 003 | SK-STU | ||
| 005 | 20230909213104.2 | ||
| 007 | ta | ||
| 008 | 150427s2015----xo-----f-mn---000-0-slo-d | ||
| 040 | |a STU |b slo | ||
| 041 | 0 | |a slo | |
| 100 | 1 | |a Dzvoníková, Dominika |u 070400 |4 aut |U FIIT Fakulta informatiky a informačných technológií |T FIIT Ústav počítačového inžinierstva a aplikovanej informatiky |X 102907 |U I400 |Y 672 |7 102907 | |
| 242 | 0 | 1 | |a Processing and visualisation of optimization algorithms inspired by nature |y eng |
| 245 | 1 | 0 | |a Spracovanie a vizualizácia optimalizačných algoritmov inšpirovaných prírodou |
| 260 | |c 2023 | ||
| 650 | 4 | |a optimalizácia |2 slo | |
| 650 | 4 | |a evolučné algoritmy |2 slo | |
| 650 | 4 | |a skupinová inteligencia |2 slo | |
| 650 | 4 | |a prírodou inšpirované algoritmy |2 slo | |
| 650 | 4 | |a vizualizácia |2 slo | |
| 650 | 4 | |a metaheuristika |2 slo | |
| 650 | 4 | |a visualization |2 eng | |
| 650 | 4 | |a metaheuristics |2 eng | |
| 650 | 4 | |a optimization |2 eng | |
| 650 | 4 | |a evolutionary algorithms |2 eng | |
| 650 | 4 | |a swarm intelligence |2 eng | |
| 650 | 4 | |a nature-inspired algorithms |2 eng | |
| 700 | 1 | |a Hudec, Ján |u 070400 |k Z1 |4 ths |U FIIT Fakulta informatiky a informačných technológií |T FIIT Ústav počítačového inžinierstva a aplikovanej informatiky |X 1995 |U I400 |Y 672 |7 A000001995 | |
| 856 | 4 | |u http://is.stuba.sk/zp/portal_zp.pl?podrobnosti=154926 | |